[Event "RUS-chT Seniors"]
[Site "Sochi"]
[Date "2017.05.08"]
[Round "8.2"]
[White "Sveshnikov, Evgeny"]
[Black "Akhmadeev, Valery Rimovich"]
[Result "1-0"]
[WhiteElo "2503"]
[BlackElo "2079"]
[PlyCount "37"]
[EventDate "2017.05.01"]
[EventType "team-tourn"]
[EventRounds "10"]
[EventCountry "RUS"]
[SourceTitle "CBM 178 Extra"]
[Source "ChessBase"]
[SourceDate "2017.06.22"]
[SourceVersion "1"]
[SourceVersionDate "2017.06.22"]
[SourceQuality "1"]

1. e4 c6 2. d4 d5 3. exd5 cxd5 4. Bf4 Nf6 5. Bd3 Bg4 6. Nf3 e6 7. c3 Nc6 8. Qb3 Qc8 9. Ne5 Nxe5 10. Bxe5 Nd7 11. Nd2 Bh5 12. c4 f6 13. Bg3 Bf7 14. cxd5 exd5 15. 0-0 Nb8 16. Bf5 Qxf5 17. Qxb7 Qd7 18. Qxa8 Bd6 19. Rfe1+ 1-0

[Event "Samara Polugaevsky Memorial 5th"]
[Site "Samara"]
[Date "2015.07.09"]
[Round "7"]
[White "Akhmadeev, Valery Rimovich"]
[Black "Gusev, Boris A"]
[Result "0-1"]
[WhiteElo "2096"]
[BlackElo "1888"]
[PlyCount "90"]
[EventDate "2015.07.03"]
[EventType "swiss"]
[EventRounds "9"]
[EventCountry "RUS"]
[SourceTitle "EXT 2017"]
[Source "ChessBase"]
[SourceDate "2016.10.25"]
[SourceVersion "1"]
[SourceVersionDate "2016.10.25"]
[SourceQuality "1"]

1. d4 d5 2. c4 e6 3. Nf3 Nf6 4. Bg5 Nbd7 5. e3 c6 6. Nbd2 Qa5 7. a3 Bd6 8. Bd3 dxc4 9. Bxc4 h6 10. Bh4 g5 11. Bg3 Bxg3 12. hxg3 g4 13. Nh4 Qg5 14. 0-0 Rg8 15. e4 Nb6 16. Ba2 e5 17. d5 Bd7 18. Re1 0-0-0 19. Qc2 Kb8 20. Rad1 cxd5 21. exd5 Ba4 22. b3 Bd7 23. Nc4 Rc8 24. b4 Nxc4 25. Bxc4 Bb5 26. Qb2 Rxc4 27. Rxe5 Qg7 28. Nf5 Qh8 29. Nd6 Nd7 30. Re2 Qxb2 31. Rxb2 Ba4 32. Re1 Rc2 33. Rxc2 Bxc2 34. Re7 Ba4 35. Nxf7 h5 36. Kh2 Rf8 37. f4 gxf3 38. gxf3 Kc8 39. f4 Bb3 40. Nd6+ Kd8 41. Rh7 Bxd5 42. Rxh5 Nf6 43. Rh4 Kd7 44. Nb5 Rc8 45. Nd4 Rc1 0-1

[Event "Samara Polugaevsky Memorial 5th"]
[Site "Samara"]
[Date "2015.07.08"]
[Round "6"]
[White "Pogorelskikh, Sergey"]
[Black "Akhmadeev, Valery Rimovich"]
[Result "1-0"]
[WhiteElo "2223"]
[BlackElo "2096"]
[PlyCount "63"]
[EventDate "2015.07.03"]
[EventType "swiss"]
[EventRounds "9"]
[EventCountry "RUS"]
[SourceTitle "EXT 2017"]
[Source "ChessBase"]
[SourceDate "2016.10.25"]
[SourceVersion "1"]
[SourceVersionDate "2016.10.25"]
[SourceQuality "1"]

1. e4 c6 2. d4 d5 3. e5 Bf5 4. Nf3 e6 5. Be2 Nd7 6. 0-0 h6 7. Nbd2 Ne7 8. Nb3 Qc7 9. Be3 f6 10. exf6 gxf6 11. Nh4 0-0-0 12. Bg4 h5 13. Bxf5 Nxf5 14. Nxf5 exf5 15. Qf3 Bd6 16. Qxf5 Bxh2+ 17. Kh1 Bd6 18. c4 dxc4 19. Nd2 Rdg8 20. Rfc1 Rg4 21. f3 Rh4+ 22. Kg1 Bh2+ 23. Kf1 Bf4 24. Nxc4 Bxe3 25. Nxe3 Rxd4 26. Rd1 Qd6 27. Rxd4 Qxd4 28. Rd1 Qxe3 29. Rxd7 Qe5 30. Qxe5 fxe5 31. Re7 h4 32. Kg1 1-0

[Event "Sterlitamak Rochinskiy op"]
[Site "Sterlitamak"]
[Date "2012.06.24"]
[Round "3"]
[White "Akhmadeev, Valery Rimovich"]
[Black "Suslov, Konstantin"]
[Result "1-0"]
[WhiteElo "2091"]
[BlackElo "1790"]
[PlyCount "52"]
[EventDate "2012.06.22"]
[EventType "swiss"]
[EventRounds "9"]
[EventCountry "RUS"]
[SourceTitle "EXT 2013"]
[Source "ChessBase"]
[SourceDate "2012.11.22"]
[SourceVersion "1"]
[SourceVersionDate "2012.11.22"]
[SourceQuality "1"]

1. d4 Nf6 2. c4 e6 3. Nc3 c5 4. d5 exd5 5. cxd5 d6 6. e4 g6 7. Bd3 Bg7 8. Nge2 0-0 9. 0-0 Re8 10. Ng3 Nbd7 11. h3 a6 12. a4 Ne5 13. Bc2 Rb8 14. f4 Nc4 15. Bd3 Na5 16. Be3 Kh8 17. Rb1 Qc7 18. Kh1 c4 19. Bc2 b5 20. axb5 axb5 21. e5 dxe5 22. fxe5 Ng8 23. d6 Qd7 24. Nce4 Bxe5 25. Bd4 f5 26. Bxe5+ Rxe5 1-0

[Event "Sterlitamak op"]
[Site "Sterlitamak"]
[Date "2011.07.05"]
[Round "9"]
[White "Akhmadeev, Valery Rimovich"]
[Black "Karpeshov, Oleg Mikhailovich"]
[Result "0-1"]
[WhiteElo "2179"]
[BlackElo "2379"]
[PlyCount "94"]
[EventDate "2011.06.27"]
[EventType "swiss"]
[EventRounds "9"]
[EventCountry "RUS"]
[SourceTitle "EXT 2012"]
[Source "ChessBase"]
[SourceDate "2011.11.24"]
[SourceVersion "1"]
[SourceVersionDate "2011.11.24"]
[SourceQuality "1"]

1. d4 Nf6 2. Nf3 e6 3. Bg5 h6 4. Bh4 b6 5. e3 Bb7 6. Nbd2 d6 7. h3 Nbd7 8. Be2 Be7 9. 0-0 0-0 10. c4 c5 11. Bg3 Rc8 12. Rc1 Re8 13. Bd3 Qc7 14. a3 Qb8 15. Re1 Qa8 16. Qe2 Bf8 17. e4 cxd4 18. Nxd4 a6 19. Bb1 g6 20. Bh2 Qb8 21. b4 Bg7 22. N4b3 Bf8 23. Red1 Qa8 24. f3 e5 25. Nf1 a5 26. Qe1 axb4 27. axb4 Qa3 28. Rd3 Qa4 29. Ne3 d5 30. exd5 Bxb4 31. Qh4 e4 32. fxe4 Rxe4 33. Qxh6 Ra8 34. Kh1 Bf8 35. Qg5 Nh7 36. Qg3 Bh6 37. Re1 Qb4 38. Re2 Bg5 39. Nd2 Re5 40. Nc2 Qb2 41. Rxe5 Nxe5 42. Re3 Bxe3 43. Qxe3 Qc1+ 44. Ne1 Nf6 45. Bxe5 Nd7 46. Nf1 Qxe3 47. Nxe3 Nxe5 0-1

[Event "Sterlitamak op"]
[Site "Sterlitamak"]
[Date "2011.07.04"]
[Round "8"]
[White "Gataullin, Artur"]
[Black "Akhmadeev, Valery Rimovich"]
[Result "0-1"]
[WhiteElo "2050"]
[BlackElo "2179"]
[PlyCount "70"]
[EventDate "2011.06.27"]
[EventType "swiss"]
[EventRounds "9"]
[EventCountry "RUS"]
[SourceTitle "EXT 2012"]
[Source "ChessBase"]
[SourceDate "2011.11.24"]
[SourceVersion "1"]
[SourceVersionDate "2011.11.24"]
[SourceQuality "1"]

1. e4 c6 2. c4 d5 3. exd5 cxd5 4. Nc3 d4 5. Ne4 Nc6 6. d3 e5 7. a3 a5 8. f4 Be7 9. fxe5 Nxe5 10. Qh5 Nc6 11. Bd2 Nf6 12. Nxf6+ Bxf6 13. 0-0-0 0-0 14. h3 Be6 15. Nf3 g6 16. Qb5 Bd7 17. Qd5 Ne7 18. Qc5 b6 19. Qd6 Nf5 20. Qf4 Bg7 21. g4 Bh6 22. g5 Bg7 23. Ne5 Bxe5 24. Qxe5 Bc6 25. Rg1 Re8 26. Qf4 b5 27. h4 bxc4 28. dxc4 Qb6 29. Bd3 Qb3 30. Bxf5 gxf5 31. Qxd4 Be4 32. Qc3 Qa2 33. Be3 Rab8 34. Qd4 Red8 35. g6 Qb1+ 0-1

[Event "Sterlitamak op"]
[Site "Sterlitamak"]
[Date "2011.07.01"]
[Round "5"]
[White "Akhmadeev, Valery Rimovich"]
[Black "Khuzin, Dinislam"]
[Result "1-0"]
[WhiteElo "2179"]
[BlackElo "1863"]
[PlyCount "49"]
[EventDate "2011.06.27"]
[EventType "swiss"]
[EventRounds "9"]
[EventCountry "RUS"]
[SourceTitle "EXT 2012"]
[Source "ChessBase"]
[SourceDate "2011.11.24"]
[SourceVersion "1"]
[SourceVersionDate "2011.11.24"]
[SourceQuality "1"]

1. d4 Nf6 2. c4 e6 3. Nf3 b6 4. Nc3 Bb4 5. Qc2 Bb7 6. Bg5 h6 7. Bd2 Bxc3 8. Bxc3 Ne4 9. Bb4 d6 10. e3 Nd7 11. Bd3 f5 12. 0-0 0-0 13. Nd2 Ndf6 14. f3 Nxd2 15. Bxd2 g5 16. b4 Qe8 17. d5 g4 18. e4 fxe4 19. fxe4 e5 20. Bxh6 Rf7 21. Qf2 Nh5 22. Qh4 Kh7 23. Be3 Rxf1+ 24. Rxf1 Bc8 25. Rf6 1-0

[Event "Nabereznye Chelny op 8th"]
[Site "Nabereznye Chelny"]
[Date "2010.01.21"]
[Round "3"]
[White "Akhmadeev, Valery Rimovich"]
[Black "Litvinov, Maxim"]
[Result "1-0"]
[WhiteElo "2179"]
[BlackElo "1729"]
[PlyCount "127"]
[EventDate "2010.01.19"]
[EventType "swiss"]
[EventRounds "9"]
[EventCountry "RUS"]
[SourceTitle "CBM 134 Extra"]
[Source "ChessBase"]
[SourceDate "2010.03.03"]
[SourceVersion "1"]
[SourceVersionDate "2010.03.03"]
[SourceQuality "1"]

1. d4 Nf6 2. Nf3 d5 3. Bf4 Bf5 4. c4 e6 5. Nc3 Nbd7 6. c5 a6 7. h3 Be7 8. e3 0-0 9. Bd3 Bxd3 10. Qxd3 Nb8 11. 0-0 Nc6 12. a3 Na5 13. Nd2 b5 14. cxb6 cxb6 15. b4 Nb7 16. Rfc1 b5 17. Rc2 Rc8 18. Rac1 Qd7 19. Nxb5 Rxc2 20. Rxc2 Qxb5 21. Qxb5 axb5 22. Rc7 Bxb4 23. axb4 Rb8 24. Rc6 Nd8 25. Rc5 Ra8 26. Rxb5 Kf8 27. Ra5 Rxa5 28. bxa5 Ke7 29. a6 Nc6 30. Bb8 Nd7 31. Bc7 Nf6 32. Nb3 Kd7 33. Bb6 Kc8 34. Nc5 Kb8 35. f3 Ne8 36. e4 Nd6 37. exd5 exd5 38. Nd7+ Kc8 39. Nc5 Kb8 40. Nd7+ Kc8 41. Ne5 Nxe5 42. dxe5 Nc4 43. Bd4 Na5 44. Kf2 Nc6 45. Ke3 Nb4 46. a7 Kb7 47. f4 Nc2+ 48. Kd3 Ne1+ 49. Kc3 Nxg2 50. f5 Nf4 51. Be3 Ne2+ 52. Kd3 Ng3 53. e6 fxe6 54. fxe6 Nf5 55. Bc5 g6 56. e7 Nxe7 57. Bxe7 Kxa7 58. Kd4 Kb6 59. Kxd5 Kc7 60. Ke6 Kc6 61. h4 Kc7 62. Bg5 Kc6 63. Bd8 Kc5 64. Kf6 1-0

[Event "Nabereznye Chelny op 8th"]
[Site "Nabereznye Chelny"]
[Date "2010.01.19"]
[Round "1"]
[White "Akhmadeev, Valery Rimovich"]
[Black "Ponfilenok, Vladimir"]
[Result "0-1"]
[WhiteElo "2179"]
[BlackElo "2445"]
[PlyCount "100"]
[EventDate "2010.01.19"]
[EventType "swiss"]
[EventRounds "9"]
[EventCountry "RUS"]
[SourceTitle "CBM 134 Extra"]
[Source "ChessBase"]
[SourceDate "2010.03.03"]
[SourceVersion "1"]
[SourceVersionDate "2010.03.03"]
[SourceQuality "1"]

1. d4 e6 2. Nf3 f5 3. Bf4 Nf6 4. e3 Be7 5. Bd3 0-0 6. 0-0 b6 7. c4 Bb7 8. Nc3 Nh5 9. Bg3 d6 10. Nd2 Qe8 11. Be2 Nxg3 12. hxg3 e5 13. dxe5 dxe5 14. e4 f4 15. gxf4 exf4 16. Nd5 Na6 17. Bf3 Rd8 18. Qe2 c6 19. Nxe7+ Qxe7 20. Nb3 Rd6 21. Bg4 Qh4 22. Qf3 Rh6 23. Bh3 Bc8 24. Nd4 Nc5 25. Nf5 Bxf5 26. exf5 Rd6 27. Rad1 Rfd8 28. Rxd6 Rxd6 29. Rd1 Qe7 30. Rxd6 Qxd6 31. b3 Nd7 32. Qe4 Nf6 33. Qe2 Kf8 34. Bg4 Qe7 35. Bf3 Qxe2 36. Bxe2 Ke7 37. g4 fxg3 38. fxg3 Kd6 39. g4 Ke5 40. Kg2 Kf4 41. Kh3 Ne4 42. Kh4 Nc3 43. Bd3 Nxa2 44. g5 Ke5 45. f6 gxf6 46. gxf6 Kxf6 47. Bxh7 c5 48. Kg4 Ke5 49. Kf3 Kd4 50. Bc2 Kc3 0-1

[Event "Sterlitamak op"]
[Site "Sterlitamak"]
[Date "2008.07.02"]
[Round "7"]
[White "Nikitina, Elena"]
[Black "Akhmadeev, Valery Rimovich"]
[Result "1/2-1/2"]
[WhiteElo "2059"]
[BlackElo "2192"]
[PlyCount "89"]
[EventDate "2008.06.26"]
[EventType "swiss"]
[EventRounds "9"]
[EventCountry "RUS"]
[SourceTitle "EXT 2009"]
[Source "ChessBase"]
[SourceDate "2008.11.26"]
[SourceVersion "1"]
[SourceVersionDate "2008.11.26"]
[SourceQuality "1"]

1. d4 d5 2. Nf3 Nf6 3. g3 h6 4. Bg2 Bf5 5. b3 e6 6. Bb2 Be7 7. Nbd2 0-0 8. 0-0 Nbd7 9. c4 c6 10. Rc1 a5 11. a3 Re8 12. Ne5 Nxe5 13. dxe5 Ne4 14. Nxe4 dxe4 15. e3 Qxd1 16. Rfxd1 Red8 17. h3 Kf8 18. g4 Bg6 19. Rxd8+ Rxd8 20. Bf1 Rd2 21. Bc3 Ra2 22. b4 axb4 23. axb4 Bh4 24. Be1 Ke8 25. c5 Kd7 26. Bc4 Ra8 27. Bc3 f6 28. Rd1+ Ke7 29. Rd6 Bf7 30. b5 Ra4 31. bxc6 bxc6 32. Be2 Be8 33. Rd2 Bd7 34. exf6+ Bxf6 35. Bxf6+ gxf6 36. Kg2 Ra5 37. Rc2 f5 38. Kg3 Kf6 39. gxf5 exf5 40. Kf4 Be6 41. Bh5 Ra1 42. Be8 Rh1 43. Kg3 Bd5 44. Kg2 Rb1 45. Bh5 1/2-1/2

[Event "Kazan Region-ch 6th"]
[Site "Kazan"]
[Date "2008.01.24"]
[Round "2"]
[White "Sanzhaev, Darsen"]
[Black "Akhmadeev, Valery Rimovich"]
[Result "1-0"]
[WhiteElo "2056"]
[BlackElo "2221"]
[PlyCount "65"]
[EventDate "2008.01.23"]
[EventType "swiss"]
[EventRounds "9"]
[EventCountry "RUS"]
[SourceTitle "CBM 122 Extra"]
[Source "ChessBase"]
[SourceDate "2008.03.04"]
[SourceVersion "1"]
[SourceVersionDate "2008.03.04"]
[SourceQuality "1"]

1. d4 d5 2. c4 e6 3. Nc3 Nf6 4. cxd5 exd5 5. Bg5 Be7 6. e3 c6 7. Bd3 Bg4 8. f3 Bh5 9. Qc2 Bg6 10. Nge2 Nbd7 11. 0-0 0-0 12. Bh4 Re8 13. Bf2 Bd6 14. Kh1 Qc7 15. Bg1 Rad8 16. Rad1 Nf8 17. a3 Qe7 18. Rfe1 a6 19. Nc1 Nh5 20. Qf2 Qg5 21. f4 Qe7 22. f5 Qg5 23. fxg6 fxg6 24. N1e2 Nd7 25. g3 Ndf6 26. Qg2 Ng4 27. Nf4 Nhf6 28. Rd2 Qh6 29. Rde2 g5 30. Nh3 Ne4 31. Bxe4 dxe4 32. Nf2 Qe6 33. Ncxe4 1-0

[Event "Saratov Aratovsky Memorial 6th"]
[Site "Saratov"]
[Date "2006.12.05"]
[Round "9"]
[White "Ildzhirinova, Saglara"]
[Black "Akhmadeev, Valery Rimovich"]
[Result "0-1"]
[WhiteElo "2550"]
[BlackElo "2245"]
[PlyCount "91"]
[EventDate "2006.11.27"]
[EventType "swiss"]
[EventRounds "9"]
[EventCountry "RUS"]
[SourceTitle "EXT 2008"]
[Source "ChessBase"]
[SourceDate "2007.11.25"]
[SourceVersion "1"]
[SourceVersionDate "2007.11.25"]
[SourceQuality "1"]

1. e4 c6 2. d4 d5 3. Nc3 dxe4 4. Nxe4 Bf5 5. Ng3 Bg6 6. h4 h6 7. Nf3 Nd7 8. h5 Bh7 9. Bd3 Bxd3 10. Qxd3 e6 11. Bd2 Ngf6 12. 0-0-0 c5 13. Be3 Qc7 14. Ne4 c4 15. Nxf6+ Nxf6 16. Qe2 Nd5 17. Ne5 Rc8 18. Rh3 Bd6 19. Bd2 0-0 20. g4 c3 21. Rxc3 Nxc3 22. Bxc3 f6 23. Ng6 Rfe8 24. Kb1 Qc4 25. Rd3 b5 26. b3 Qd5 27. f4 Ba3 28. Be1 Qh1 29. Rd1 Qd5 30. Rd3 Bd6 31. Bd2 Qh1+ 32. Kb2 b4 33. g5 Qc6 34. Be3 f5 35. gxh6 gxh6 36. Rd2 Kh7 37. Qf2 Be7 38. Ne5 Qc3+ 39. Kb1 Rg8 40. Rd3 Qc7 41. Ng6 Bf6 42. Rd2 a5 43. a4 bxa3 44. Ka2 a4 45. Qe2 Qc3 46. Qd3 0-1

[Event "Saratov Aratovsky Memorial 6th"]
[Site "Saratov"]
[Date "2006.12.04"]
[Round "8"]
[White "Akhmadeev, Valery Rimovich"]
[Black "Glazkov, Arseny"]
[Result "1-0"]
[WhiteElo "2245"]
[BlackElo "2039"]
[PlyCount "77"]
[EventDate "2006.11.27"]
[EventType "swiss"]
[EventRounds "9"]
[EventCountry "RUS"]
[SourceTitle "EXT 2008"]
[Source "ChessBase"]
[SourceDate "2007.11.25"]
[SourceVersion "1"]
[SourceVersionDate "2007.11.25"]
[SourceQuality "1"]

1. d4 Nf6 2. c4 g6 3. Nc3 d5 4. cxd5 Nxd5 5. e4 Nxc3 6. bxc3 Bg7 7. Bc4 0-0 8. Ne2 c5 9. 0-0 cxd4 10. cxd4 Nc6 11. Be3 Bg4 12. f3 Na5 13. Bd3 Be6 14. Rc1 Bxa2 15. Qa4 Be6 16. d5 Bd7 17. Qb4 b6 18. Rfd1 f5 19. h3 fxe4 20. fxe4 Nb7 21. Ba6 Nd6 22. Nd4 Be5 23. Nc6 Bxc6 24. dxc6 Qc7 25. Rd5 Bf4 26. Qb3 Bxe3+ 27. Qxe3 e6 28. Rdd1 Rad8 29. Qb3 Kf7 30. Rf1+ Ke7 31. Qb4 Rxf1+ 32. Rxf1 Ke8 33. Bb5 Nf7 34. Qb3 Ke7 35. Qf3 Kf8 36. Qf6 Re8 37. Qh8+ Ke7 38. Rxf7+ Kxf7 39. Qxh7+ 1-0

[Event "Saratov Aratovsky Memorial 6th"]
[Site "Saratov"]
[Date "2006.11.28"]
[Round "2"]
[White "Akhmadeev, Valery Rimovich"]
[Black "Gagarkine, Nikolay"]
[Result "1-0"]
[WhiteElo "2245"]
[BlackElo "2004"]
[PlyCount "71"]
[EventDate "2006.11.27"]
[EventType "swiss"]
[EventRounds "9"]
[EventCountry "RUS"]
[SourceTitle "EXT 2008"]
[Source "ChessBase"]
[SourceDate "2007.11.25"]
[SourceVersion "1"]
[SourceVersionDate "2007.11.25"]
[SourceQuality "1"]

1. d4 d5 2. c4 e6 3. Nc3 Nf6 4. Nf3 Bb4 5. Qa4+ Nc6 6. e3 0-0 7. Bd3 Bd7 8. Qc2 dxc4 9. Bxc4 Ne7 10. 0-0 Ng6 11. e4 Rc8 12. e5 Ne8 13. Ne4 Bc6 14. a3 Be7 15. b4 Bd5 16. Bd3 b6 17. Be3 c6 18. g3 Qc7 19. h4 f5 20. exf6 Bxe4 21. Bxe4 Nxf6 22. Bxg6 hxg6 23. Qxg6 Nd5 24. Qxe6+ Kh8 25. Ne5 Kh7 26. Ng6 Rf6 27. Qe4 Kg8 28. Bg5 Rf7 29. Qe6 Bf6 30. Ne5 Bxe5 31. dxe5 a6 32. Rac1 Qd7 33. Qxd7 Rxd7 34. Rfe1 Ne7 35. e6 Rb7 36. Red1 1-0